000 00500nam a2200145 4500
001 3520
005 20181127171411.0
090 0 0 _a342.07 R3825s 2009.
110 _aElection Commission of Bhutan.
_b
_c
_d
_e
_n
_p
245 0 0 _aStatement of chief election commissioner of Bhutan on religion above politics /
_b
_cElection Commission of Bhutan.
_h
260 0 0 _aThimphu :
_bElection Commission of Bhutan,
_c2009.
300 0 0 _a23, 41 p.
500 0 0 _aIn English and Dzongkha.
650 0 0 _aElection law --Bhutan.
_x
999 _c2859
_d2859